| 000 | 00931nab a2200217 i 4500 | ||
|---|---|---|---|
| 001 | 768714001 | ||
| 003 | CO-MdFUSB | ||
| 005 | 20240815143252.0 | ||
| 008 | 240815t1925 cr ||||| |||| 00| 0 eng d | ||
| 040 |
_bspa _cCO-MdFUSB _dCO-MdFUSB |
||
| 041 | _aeng | ||
| 245 | _aAn interesting event | ||
| 520 | _aCuando llegó a Costa Rica el Reverendo y Sra. Frederick Wolff, de la Junta Morava de Misiones, fue un evento interesante, y supuso una nueva era para la obra en el este de Nicaragua, y también, significó un nuevo avance para la causa de Cristo en Centroamérica en general. | ||
| 546 | _aTexto en inglés. | ||
| 650 | 0 |
_aEvangelización _9362 |
|
| 650 | 0 |
_aMisiones _9154 |
|
| 650 | 0 |
_aPredicación _954 |
|
| 773 | 0 |
_070761 _982969 _oR2742 _tLatin America Mission _w(CO-MdFUSB)768714001 _gVolumen 4, (número 9, 1925), páginas: 10 - 11 _qpágina: 10 |
|
| 942 | _cANA | ||
| 945 | _aCatherine Arias Álvarez - Practicante SENA | ||
| 999 |
_c70874 _d70874 |
||